000 01177nam0a22002891 4500
001 v19\rc\1911854
005 20260406085125.0
035 _a(NLR Aleph) 005023978
090 _a6619315
_c6619315
100 _a20080404d1911 u y0rusy50 ca
101 0 _arus
102 _aRU
105 _ac b |||cb
200 1 _aЕго преосвященство епископ Карапет Тер-Мкртчьян к выборам католикоса
_eКрат. биогр. очерк
_fСост. свящ. С. Тер-Ованнесьянц
210 _aСтаврополь
_cИ.П. Манучаров
_d1911
215 _a16 с.
_cпортр.
_d22
700 1 _6z01790
_aТер-Ованнесьянц
_bС.Г.
_gСаак Григорьевич
_4220
702 1 _4570
_7ca
_8rus
_aТер-Мкртчян
_bК.
_cепископ
_f1866-1915
_gКарапет
_3RU\NLR\AUTH\770279762
_92651729
790 1 _6z01700
_aОваннесьянц
_bС.Г.
_gСаак Григорьевич
801 0 _aRU
_bNLR
_gpsbo
801 0 _aRU
_bRuMoRGB
_2psbo
801 1 _aRU
_bProSoft-M
_2rusmarc
852 _aNLR
_j20.89.8.249
899 _aRuMoRGB
_jV 117/1462
942 _cBOOK
980 _aNB